Nemecko a nemecká menšina na Slovensku (1871-1945)
Gespeichert in:
| 1. Verfasser: | |
|---|---|
| Format: | Buch |
| Sprache: | Slowakisch |
| Veröffentlicht: |
Bratislava
Veda
1991
|
| Ausgabe: | 1. vyd. |
| Tags: |
Keine Tags, Fügen Sie das erste Tag hinzu!
|
MARC
| LEADER | 00000nam a2200000 4500 | ||
|---|---|---|---|
| 001 | c024761 | ||
| 005 | 20221214094317.8 | ||
| 020 | |a 80-224-0155-2 | ||
| 041 | 0 | |a slo | |
| 044 | |a SK | ||
| 245 | 1 | 0 | |a Nemecko a nemecká menšina na Slovensku (1871-1945) |c Dušan Kováč |
| 250 | |a 1. vyd. | ||
| 264 | 1 | |a Bratislava |b Veda |c 1991 | |
| 300 | |a 235 s. | ||
| 100 | 1 | |a Kováč, Dušan | |